Central Library OPAC University of Rajshahi
Normal view MARC view

Entry Personal Name

Number of records used in: 24

001 - CONTROL NUMBER

  • control field: 904

003 - CONTROL NUMBER IDENTIFIER

  • control field: BD-RjUL

005 - DATE AND TIME OF LATEST TRANSACTION

  • control field: 20220126102412.0

008 - FIXED-LENGTH DATA ELEMENTS

  • fixed length control field: 220126|| aca||aabn | a|a d

040 ## - CATALOGING SOURCE

  • Original cataloging agency: BD-RjUL
  • Transcribing agency: BD-RjUL

100 ## - HEADING--PERSONAL NAME

  • Personal name: ইসলাম , মো. শফিকুল , সুপারভাইজার

670 ## - SOURCE DATA FOUND

  • Source citation: Work cat.: (BD-RjUL)79255: রব্বানী, মো. মাছুম 901, হিজরী ষষ্ঠ শতাব্দীতে তাফসীর চর্চা : , ২০১৫